Helvétius (Record no. 85908)

MARC details
000 -LEADER
campo de control de longitud fija 00521nam a2200157 i 4500
001 - NÚMERO DE CONTROL
campo de control 85908
003 - IDENTIFICADOR DE NÚMERO DE CONTROL
campo de control ES-MaACL
007 - CAMPO FIJO DE DESCRIPCIÓN FÍSICA--INFORMACIÓN GENERAL
campo de control de longitud fija t|
008 - DATOS DE LONGITUD FIJA--INFORMACIÓN GENERAL
campo de control de longitud fija 041202s1907 fr ||||1| fre d
100 0# - ENTRADA PRINCIPAL--NOMBRE DE PERSONA
Nombre de persona Keim, Albert
9 (RLIN) 67732
245 10 - MENCIÓN DEL TÍTULO
Título Helvétius
Resto del título : la vie et son amore d'afaires ses ouvrages des écrits divers et des documents inedits /
Mención de responsabilidad, etc. par Albert Keim.
260 ## - PUBLICACIÓN, DISTRIBUCIÓN, ETC.
Lugar de publicación, distribución, etc. Paris :
Nombre del editor, distribuidor, etc. [s.n.,
Fecha de publicación, distribución, etc. 1907] (
Fabricante Philippe Renouard)
300 ## - DESCRIPCIÓN FÍSICA
Extensión VIII, 719 p., 1 lám. ;
Dimensiones 23 cm.
852 ## - LOCALIZACIÓN
Ubicación ES-MaACL
Número de control de estantería B-6622
Holdings
Estatus retirado Estado de pérdida Estado de daño No para préstamo Biblioteca de origen Biblioteca actual Ubicación en estantería Fecha de adquisición Fuente de adquisición Total de préstamos Signatura topográfica completa Código de barras Visto por última vez Precio de reemplazo Tipo de ítem Koha
        Biblioteca del Ateneo de Madrid Biblioteca del Ateneo de Madrid Sala Pardo Bazán 17/01/2008     B-6622 1089773 23/02/2023 23/02/2023 Libro impreso